Politics in states and communities / (Record no. 6798)
[ view plain ]
| 000 -LEADER | |
|---|---|
| fixed length control field | 00858nac a22002291u 4500 |
| 010 ## - LIBRARY OF CONGRESS CONTROL NUMBER | |
| LC control number | 96011405 |
| 020 ## - INTERNATIONAL STANDARD BOOK NUMBER | |
| International Standard Book Number | 0132587084 |
| 082 00 - DEWEY DECIMAL CLASSIFICATION NUMBER | |
| Classification number | 320.80973 |
| Item number | DYE |
| 090 ## - LOCALLY ASSIGNED LC-TYPE CALL NUMBER (OCLC); LOCAL CALL NUMBER (OCLC) | |
| -- | 6798 |
| -- | 6798 |
| 100 ## - MAIN ENTRY--PERSONAL NAME | |
| Personal name | Dye, Thomas R. |
| 245 10 - TITLE STATEMENT | |
| Title | Politics in states and communities / |
| Statement of responsibility, etc | Thomas R. Dye. |
| 250 ## - EDITION STATEMENT | |
| Edition statement | 9th ed. |
| 260 ## - PUBLICATION, DISTRIBUTION, ETC. (IMPRINT) | |
| Place of publication, distribution, etc | Upper Saddle River, N.J. : |
| Name of publisher, distributor, etc | Prentice Hall,c.1997. |
| Date of publication, distribution, etc | c.1997. |
| 300 ## - PHYSICAL DESCRIPTION | |
| Extent | xvii, 535 p. : |
| Other physical details | ill. (some col.), col. maps ; |
| Dimensions | 25 cm. |
| 500 ## - GENERAL NOTE | |
| General note | Distributer: Al-Ahram. |
| 504 ## - BIBLIOGRAPHY, ETC. NOTE | |
| Bibliography, etc | Includes bibliographical references and index. |
| 511 ## - PARTICIPANT OR PERFORMER NOTE | |
| Participant or performer note | Catalogued By: Mahitab. |
| 650 #0 - SUBJECT ADDED ENTRY--TOPICAL TERM | |
| Topical term or geographic name as entry element | State governments |
| Geographic subdivision | United States. |
| 650 #0 - SUBJECT ADDED ENTRY--TOPICAL TERM | |
| Topical term or geographic name as entry element | Local government |
| Geographic subdivision | United States. |
| 942 ## - ADDED ENTRY ELEMENTS (KOHA) | |
| Item type | Book - Borrowing |
| Call number prefix | 320.80973DYE |
| Withdrawn status | Item status | Damaged status | Not for loan | Home library | Current library | Shelving location | Date acquired | Source of acquisition | Total Checkouts | Total Renewals | Full call number | Barcode | Date last seen | Date last borrowed | Koha item type |
|---|---|---|---|---|---|---|---|---|---|---|---|---|---|---|---|
| Central Library | Central Library | First floor | 06/12/2007 | Purchase | 2 | 11 | 320.80973DYE | 000008004 | 15/07/2025 | 20/10/2014 | Book - Borrowing |